| 000 | 00642nam a2200241 a 4500 | ||
|---|---|---|---|
| 999 |
_c11772 _d11772 |
||
| 001 | 11772 | ||
| 003 | BD-JhCC | ||
| 005 | 20200903130013.0 | ||
| 008 | 200903b2018 enka|||| ||a| 001 0 eng d | ||
| 020 | _a9780241376591 | ||
| 035 | _a(BD-JhCC)11772 | ||
| 040 |
_aBD-JhCC _dBD-JhCC |
||
| 041 | _aeng | ||
| 082 |
_a920.02 _bGIL 2018 |
||
| 100 | _a Gilliland,Ben | ||
| 245 |
_a100 people who made history / _cBen Gilliland. |
||
| 260 |
_aUnited State _bDK _c2016 |
||
| 300 |
_a128 p.: _bill _c28 cm. |
||
| 650 |
_a Biography _vJuvenile literature _xScientists _yExplorers |
||
| 700 | _a Philip Parker | ||
| 942 |
_2ddc _cBK |
||